[Event "Seefeld op 9th"]
[Site "Seefeld"]
[Date "1998.??.??"]
[Round "4"]
[White "Schnitzspan, Lothar"]
[Black "Thielen, Dankward"]
[Result "1-0"]
[WhiteElo "2310"]
[BlackElo "2145"]

1.Nf3 d5 2.c4 e6 3.g3 Nf6 4.Bg2 Be7 5.O-O O-O 6.b3 c5 7.Bb2 Nc6 8.e3 b6 9.Qe2 Bb7
10.Rd1 Qc7 11.Nc3 dxc4 12.bxc4 Rad8 13.Rac1 Qb8 14.d4 Na5 15.Ne5 Bxg2 16.Kxg2 Qb7+
17.Kg1 cxd4 18.exd4 Rc8 19.d5 exd5 20.Nxd5 Nxd5 21.cxd5 Rxc1 22.Bxc1 Bd6
23.Ng4 Qc8 24.Bb2 Re8 25.Qf3 f5 26.Ne3 Rf8 27.Qh5 f4 28.Qg5 Qd7 29.Ng4 fxg3
30.hxg3 Kh8 31.Kg2 Qf7 32.f4 Qg6 33.Qxg6 hxg6 34.Rc1 b5 35.Be5 Rd8 36.Bxd6 Rxd6
37.Rc5 a6 38.Ne5 Kh7 39.Nf7 Rf6 40.Ng5+ Kg8 41.d6 Nb7 42.Rc8+ Rf8 43.d7 Nd8
44.Kf2 a5 45.Ke2 b4 46.Kd2 a4 47.Kc1 b3 48.a3  1-0

[Event "Seefeld op 9th"]
[Site "Seefeld"]
[Date "1998.??.??"]
[Round "8"]
[White "Hoffmann, Michael"]
[Black "Kuporosov, Viktor"]
[Result "1/2-1/2"]
[WhiteElo "2440"]
[BlackElo "2500"]

1.Nf3 d5 2.c4 c6 3.d4 Nf6 4.Qc2 dxc4 5.Qxc4 Bf5 6.Nc3 e6 7.g3 Be7 8.Bg2 O-O
9.O-O Nbd7 10.e3 Ne4 11.Qe2 Qa5 12.Bd2 Nxd2 13.Nxd2 Bg6 14.a3 Rad8 15.b4 Qc7
16.Rfc1 Qb8 17.Nb3 Rfe8 18.Na5 a6 19.Qb2 Nb6 20.Ne4  1/2-1/2

[Event "Seefeld op 9th"]
[Site "Seefeld"]
[Date "1998.??.??"]
[Round "8"]
[White "Baumann, Kurt"]
[Black "Sielaff, Rudolf"]
[Result "0-1"]
[WhiteElo "1780"]
[BlackElo "2075"]

1.Nf3 d5 2.c4 e6 3.g3 Nf6 4.Bg2 c6 5.d4 Be7 6.Nc3 O-O 7.O-O Nbd7 8.Ne5 Nxe5
9.dxe5 Nd7 10.cxd5 exd5 11.e4 Nxe5 12.exd5 Bg4 13.Qb3 Qb6 14.Be3 Qxb3 15.axb3 a5
16.f4 Nd3 17.dxc6 bxc6 18.Bxc6 Rac8 19.Nd5 Bd6 20.Bb5 Nb4 21.Nxb4 Bxb4 22.Bc4 Rfe8
23.Bb6 Bh3 24.Rfd1 Bg4 25.Rd5 Be6 26.Re5 Bxc4 27.Rxe8+ Rxe8 28.bxc4 Rc8 29.b3 Rc6
30.Bxa5 Ra6 31.Ra4 Bxa5 32.c5 Ra7 33.b4 Bb6 34.cxb6 Rxa4 35.b5 Rb4  0-1

[Event "RUS-ch U20"]
[Site "Sochi"]
[Date "1998.??.??"]
[Round "2"]
[White "Eliseev, Alexey"]
[Black "Iljushin, Alexei"]
[Result "1/2-1/2"]
[WhiteElo "2300"]
[BlackElo "2460"]

1.Nf3 d5 2.c4 c6 3.d4 e6 4.e3 f5 5.Bd3 Nf6 6.Nc3 Bd6 7.Ne5 O-O 8.f4 Ne4 9.O-O Nd7
10.Bxe4 dxe4 11.Nxd7 Bxd7 12.c5 Bc7 13.Bd2 b5 14.Be1 a5 15.a3 Be8 16.Bg3 Bf7
17.a4 b4 18.Nb1 Qe8 19.Nd2 Bh5 20.Qe1 Rd8 21.Rc1 Rd7 22.Nc4 h6 23.Rc2 Qb8
24.Kh1 Kh7 25.Rd2 Rg8 26.Qc1 Be8 27.h3 Rd5 28.Ne5 Bxe5 29.fxe5 Qb7 30.Bh2 Qa6
31.g4 Bg6 32.b3 Rf8 33.Kg1 Qc8 34.Qe1 Rd7 35.Bf4 Qd8 36.Qg3 Rdf7 37.Rff2 Qd5
38.Rb2 Rb7 39.Kh2 Be8 40.Qh4 Qd7 41.g5 Qe7 42.Rg2 Bg6  1/2-1/2

[Event "ROM-chT"]
[Site "Sovata"]
[Date "1998.??.??"]
[Round "1"]
[White "Istrate, Bogdan"]
[Black "Popescu, Cristian"]
[Result "1/2-1/2"]
[WhiteElo "2350"]
[BlackElo "2295"]

1.Nf3 d5 2.c4 d4 3.b4 c5 4.Bb2 f6 5.e3 e5 6.exd4 cxd4 7.a3 Nh6 8.d3 a5 9.Be2 axb4
10.O-O Nc6 11.Qb3 Be7 12.Nbd2 bxa3 13.Bxa3 Rxa3 14.Rxa3 Bxa3 15.Qxa3 Qa5
16.Qb3 O-O 17.Ne4 Nf7 18.c5 Nd8 19.Nfd2 f5 20.Nc4 Qc7 21.Ned6 Qxc5 22.Nxc8 Qxc8
23.Bf3 Kh8 24.Qb5 Qc7 25.Rb1 Qe7 26.Bxb7 Nd6 27.Nxd6 Qxd6 28.Bd5 Ne6 29.Bxe6 Qxe6
30.Qc5 Rc8 31.Qa7 Qb3 32.Ra1 Qxd3 33.h3 Qc3 34.Rb1 d3 35.Qd7 Qc2 36.Kh2 Rg8
37.Rb5 Qc4 38.Rd5 Qf4+ 39.Kg1 e4 40.Rxf5 Qb8 41.Rd5 Rc8 42.Qd6 Qb1+ 43.Kh2 Qb7
44.Rd4 Re8 45.Qd5 Qb8+ 46.Qd6 Qb5  1/2-1/2

[Event "Petrov mem"]
[Site "St Petersburg"]
[Date "1998.??.??"]
[Round "1"]
[White "Taimanov, Mark E"]
[Black "Zayac, Elena"]
[Result "1/2-1/2"]
[WhiteElo "2490"]
[BlackElo "2265"]

1.Nf3 d5 2.c4 e6 3.e3 Nf6 4.b3 Nbd7 5.Bb2 Bd6 6.d4 b6 7.Nc3 a6 8.Bd3 Bb7
9.O-O O-O 10.Qe2 Ne4 11.Rfd1 f5 12.Nd2 Rf6 13.Nf1 Qe7 14.f3 Nxc3 15.Bxc3 dxc4
16.bxc4 e5 17.Rab1 exd4 18.exd4 Qxe2 19.Bxe2 Bf8 20.Bd3 g6 21.Bc2 Bg7 22.Bb3 Rff8
23.Ne3 Rfd8 24.Rbc1 c5 25.d5 Bxc3 26.Rxc3 b5 27.Kf2 Kf7 28.h4 f4 29.Nf1 b4
30.Rc2 a5 31.Ba4 Nb6 32.Bb5 Bc8 33.Re1 Rb8 34.Bc6 Bf5 35.Rce2 Nxc4 36.Re7+ Kf6
37.g4 fxg3+ 38.Nxg3 Rd6 39.Nxf5 gxf5 40.Rxh7 Kg6 41.Ree7 f4 42.Be8+ Rxe8
43.h5+ Kg5 44.Rxe8 Ne3 45.Re5+ Kh4 46.Rf7 Nd1+ 47.Ke1 Nc3 48.Rxf4+ Kg3 49.Rg4+ Kxf3
50.Rg6 Rd8 51.h6 a4 52.h7 b3 53.axb3 axb3 54.Rb6 c4 55.Rh5 Re8+ 56.Kf1 Ne4
57.Rf5+ Kg4 58.Rf7 c3 59.Rg6+ Ng5 60.Rb7 b2 61.Rc6 Ne4 62.Kg2 Kf4 63.d6 Rh8
64.Rb4 Rxh7 65.Rxc3 Rg7+  1/2-1/2

[Event "Petrov mem"]
[Site "St Petersburg"]
[Date "1998.??.??"]
[Round "6"]
[White "Kochyev, Alexander"]
[Black "Popov, Valerij"]
[Result "1/2-1/2"]
[WhiteElo "2430"]
[BlackElo "2505"]

1.Nf3 d5 2.c4 d4 3.g3 Nc6 4.Bg2 e5 5.O-O g6 6.e3 Bg7 7.exd4 exd4 8.d3 Nge7
9.Na3 O-O 10.Bf4 Bf5 11.Qd2 Qd7 12.Rfe1 Rac8 13.Bh6 Bxh6 14.Qxh6 f6 15.Nc2 Rce8
16.Qd2 a5 17.a3 g5 18.b4 axb4 19.axb4 Ng6 20.b5 Nce5 21.Ncxd4 Nxf3+ 22.Nxf3 Qxd3
23.Qb2 Rd8 24.c5 Rf7 25.Re3 Qd7 26.Rae1 h6 27.R3e2 Kh7 28.Rd2 Qc8 29.Rxd8 Qxd8
30.Nd4 Bc8 31.Be4 f5 32.Bg2 Re7 33.Rd1 Qh8 34.Qc2 Qf8 35.Nb3  1/2-1/2

[Event "SVK-chT1W 9798"]
[Site "SVK"]
[Date "1998.??.??"]
[Round "?"]
[White "Masar, Michal"]
[Black "Sorsak, Jozef"]
[Result "0-1"]
[WhiteElo "1840"]
[BlackElo "2060"]

1.Nf3 d5 2.c4 e6 3.b3 Nf6 4.Bb2 c5 5.g3 Nc6 6.e3 d4 7.exd4 cxd4 8.d3 e5 9.a3 a5
10.Bg2 Bd6 11.O-O O-O 12.Nbd2 Nd7 13.Ne4 Be7 14.h4 f5 15.Neg5 Nc5 16.Bc1 Bf6
17.Ne1 Qe7 18.Bd5+ Kh8 19.Nxh7 g6 20.Nxf8 Qxf8 21.Bg5 Bg7 22.h5 Qe8 23.Kg2 Be6
24.Rh1 Kg8 25.h6 Bh8 26.h7+ Kf7 27.Qf3 Nxb3 28.Rb1 a4 29.g4 f4 30.Be4 Qd7
31.Qh3 Ne7 32.f3 Nc5 33.Nc2 Nxe4 34.dxe4 Bxc4 35.Nb4 Nc6 36.Qh4 Rc8 37.Rhc1 Na5
38.Qf2 Nb3 39.Rh1 Bb5 40.Nd5 Qd6 41.Be7 Qa6 42.g5 Bd3 43.Rb2 Bc4 44.Nb4 Qe6
45.Bf6 Bxf6 46.gxf6 Qxf6 47.Rh4 Kg7 48.Rc2 b5 49.Nd5 Qd6 50.Kh1 Rh8 51.Nb4 Nc5
52.Qh2 Nd7 53.Rg2 Nf8 54.Kg1 d3 55.Rd2 Qd4+ 56.Qf2 Qxf2+ 57.Kxf2 Nxh7 58.Rh1 Rd8
59.Rhd1 Ng5 60.Nxd3 Kf6 61.Nb4 Rh8 62.Rd6+ Be6 63.Kg2 Rh3 64.R1d3 Rg3+ 65.Kf2 Kf7
66.Rc3 Nxe4+ 67.fxe4 Rxc3 68.Rd3 Rxd3 69.Nxd3 Kf6 70.Kf3 g5  0-1

[Event "SVK-chT1W 9798"]
[Site "SVK"]
[Date "1998.??.??"]
[Round "?"]
[White "Svonavec, S."]
[Black "Martiska, Peter"]
[Result "1/2-1/2"]
[WhiteElo "2030"]
[BlackElo "2280"]

1.Nf3 d5 2.c4 c6 3.b3 Nf6 4.Bb2 Bg4 5.Ne5 Bh5 6.g3 e6 7.Bg2 Nbd7 8.Nxd7 Qxd7
9.O-O Be7 10.d3 O-O 11.Nd2 b5 12.Re1 Rfd8 13.Qc2 a5 14.c5 Qa7 15.Rac1 Bg6
16.Bd4 Nd7 17.f4 f6 18.Nf3 Re8 19.Bh3 Bf8 20.e4 dxe4 21.dxe4 Rad8 22.Qc3 Nb8
23.e5 f5 24.Bg2 Bh5 25.Bf2 Bxf3 26.Bxf3 Qc7 27.a4 bxa4 28.bxa4 Na6 29.Red1 Nb4
30.Qc4 Rxd1+ 31.Rxd1 Nd5 32.Rb1 Rb8 33.Rb3 Rxb3 34.Qxb3 Be7 35.Bxd5 exd5
36.Qb6 Bd8 37.Bd4 Kf7 38.Qb1 g6 39.h3 Ke6 40.g4 Qa7 41.Bf2 Bc7 42.gxf5+ gxf5
43.Qd1 Bd8 44.Qh5 Qg7+ 45.Kf1 Qg6 46.Qe2 Qh6 47.Qf3 Bc7 48.Qg3 Qg6 49.Qf3 Bd8
50.Be1 Qg7 51.Bd2 Be7 52.Be3 Qg6 53.Ke2 Qe8 54.Kf1 Qb8 55.Qh5 Qb1+ 56.Kf2 Qc2+
57.Ke1 Qe4 58.Qe2 d4 59.Qc4+ Qd5 60.Qxd4 Qh1+ 61.Ke2 Qxh3 62.Qc4+ Kd7 63.e6+ Ke8
64.Qd4 Qg2+ 65.Kd3 Qf1+ 66.Kc2 Qe2+ 67.Kb3 Qf3 68.Kc4 Qe2+ 69.Kc3 Bf6 70.Qxf6 Qxe3+
71.Kb2 Qf2+ 72.Kc3 Qe3+ 73.Kb2 Qd2+ 74.Ka1 Qc1+ 75.Ka2 Qc2+ 76.Ka1 Qxa4+
77.Kb2  1/2-1/2

[Event "SVK-chT1W 9798"]
[Site "SVK"]
[Date "1998.??.??"]
[Round "?"]
[White "Sukuba, Zdenek"]
[Black "Mikulas, Dusan"]
[Result "0-1"]
[WhiteElo "2180"]
[BlackElo "2295"]

1.Nf3 d5 2.c4 d4 3.b4 Bg4 4.Qa4+ c6 5.d3 Bxf3 6.gxf3 e5 7.Nd2 g6 8.c5 f5
9.Qb3 Qd5 10.Bg2 Nf6 11.O-O Qxb3 12.Nxb3 Nd5 13.Bd2 Bg7 14.Rac1 Na6 15.a3 Nac7
16.Na5 O-O-O 17.Nc4 Rd7 18.e4 dxe3 19.fxe3 Kb8 20.e4 Ne7 21.Nd6 Ne8 22.Nf7 Rf8
23.Ng5 Rxd3 24.Bc3 Nc7 25.Nxh7 Rh8 26.Ng5 Nb5 27.Ba1 Nd4 28.Bxd4 exd4 29.f4 fxe4
30.Bxe4 Rxa3 31.Rcd1 Nf5 32.Bxf5 gxf5 33.Ne6 Bf6 34.Nxd4 Ra2 35.Nf3 Rb2 36.Rd6 Bc3
37.Rfd1 Bxb4 38.Rf6 Bxc5+ 39.Kh1 Rh3  0-1

[Event "SVK-chT2C 9899"]
[Site "SVK"]
[Date "1998.??.??"]
[Round "2"]
[White "Fiacan, Robert"]
[Black "Adamko, Peter"]
[Result "1-0"]
[WhiteElo "2010"]
[BlackElo "2185"]

1.Nf3 d5 2.c4 c6 3.b3 Bg4 4.Ne5 Bf5 5.g3 f6 6.Nf3 e5 7.Bg2 Bc5 8.O-O Ne7
9.cxd5 Nxd5 10.d3 Bg6 11.Qc2 Na6 12.Nbd2 Qe7 13.a3 O-O 14.Bb2 Nac7 15.Nh4 Ne6
16.Nxg6 hxg6 17.e3 Rfd8 18.Rfe1 Bb6 19.Nc4 Qf7 20.b4 Rac8 21.Qb3 Ng5 22.h4 Ne6
23.Bh3 Bc7 24.e4  1-0

[Event "SVK-chT 9798"]
[Site "SVK"]
[Date "1998.??.??"]
[Round "11"]
[White "Pejko, Otomar"]
[Black "Salai, Ladislav"]
[Result "1/2-1/2"]
[WhiteElo "2250"]
[BlackElo "2440"]

1.Nf3 d5 2.c4 dxc4 3.Qa4+ c6 4.Qxc4 Nf6 5.g3 g6 6.Bg2 Bg7 7.O-O O-O 8.d3 h6
9.Qc2 Na6 10.Bd2 Be6 11.Na3 Qc8 12.Rfe1 c5 13.Nc4 Nd5 14.a3 Nb8 15.Rab1 Nc6
16.Qc1 Kh7 17.b4 b5 18.Ne3 Nxe3 19.Bxe3 Ba2 20.Rb2 Bxb2 21.Qxb2 Be6 22.Bxc5 Bh3
23.Bh1 a5 24.Rc1 Qe6 25.bxa5 Rfc8 26.d4 Nxa5 27.Ne5 Rab8 28.Rc3 Nc4 29.Nxc4 bxc4
30.Bb4 Qd7 31.Qd2 Qa4 32.d5 Rxb4 33.axb4 Qxb4 34.Bg2 Bg4 35.e4 Be2 36.Qc1 Ra8
37.Bf1 Bxf1 38.Kxf1 Ra4 39.Kg2 Kg7 40.Qe3 Qb2  1/2-1/2

[Event "SVE-chT 9798"]
[Site "Sweden"]
[Date "1998.??.??"]
[Round "8"]
[White "Sjoberg, Mats"]
[Black "Adler, Bo"]
[Result "1-0"]
[WhiteElo "2410"]
[BlackElo "2245"]

1.Nf3 d5 2.c4 d4 3.g3 Nc6 4.Bg2 e5 5.d3 Nf6 6.O-O Be7 7.b4 Bxb4 8.Nxe5 Nxe5
9.Qa4+ Bd7 10.Qxb4 b6 11.c5 Bc6 12.Bxc6+ Nxc6 13.Qa4 Qd5 14.cxb6 O-O 15.bxc7 Rfe8
16.e4 dxe3 17.Bxe3 Ne5 18.Nd2 Qxd3 19.Rac1 Qf5 20.Bd4 Ne4 21.Qc2 Nc6 22.Ba1 Nb4
23.Qb1  1-0

[Event "Tampere ELO Taraus"]
[Site "Tampere"]
[Date "1998.??.??"]
[Round "2"]
[White "Martinkus, Rolandas"]
[Black "Paldanius, Pekka"]
[Result "1-0"]
[WhiteElo "2350"]
[BlackElo "2260"]

1.Nf3 d5 2.c4 e6 3.g3 Nf6 4.Bg2 Be7 5.O-O O-O 6.d4 Nbd7 7.Qc2 c6 8.Rd1 Ne4
9.Ne1 Nd6 10.c5 Ne8 11.Nd3 Nc7 12.Nd2 Re8 13.Nf3 Bf8 14.b4 g6 15.h4 Bg7 16.h5 f6
17.hxg6 hxg6 18.Bf4 g5 19.Bxc7 Qxc7 20.a4 Nf8 21.Rab1 a6 22.b5 axb5 23.axb5 g4
24.b6 Qf7 25.Nd2 Nh7 26.Ra1 Rxa1 27.Rxa1 Ng5 28.Ra7 e5 29.Nb3 Ne6 30.Nb4 Qh5
31.Nxd5 exd4 32.Nb4  1-0

[Event "Tampere ELO Taraus"]
[Site "Tampere"]
[Date "1998.??.??"]
[Round "7"]
[White "Keskisarja, Teemu"]
[Black "Karttunen, Mika"]
[Result "1/2-1/2"]
[WhiteElo "2290"]
[BlackElo "2245"]

1.Nf3 d5 2.c4 c6 3.e3 Nf6 4.Nc3 g6 5.d4 Bg7 6.Be2 O-O 7.O-O e6 8.b3 b6 9.Bb2 Bb7
10.Qc2 Nbd7 11.Rad1 Rc8 12.e4 dxe4 13.Nxe4 Nxe4 14.Qxe4 Qc7 15.Qc2 c5 16.dxc5 Nxc5
17.Bxg7 Kxg7 18.Qc3+ Kg8 19.Nd4 a6 20.Bf3 Rfd8 21.Nc2 Bxf3 22.Qxf3 Rxd1 23.Rxd1 Rd8
24.Ne3 Rxd1+ 25.Qxd1 Nd7 26.b4 Kf8 27.Qd4 h5 28.h3 Ke7 29.a3 a5 30.Qh4+ Ke8
31.Qe4 axb4 32.axb4 Qe5 33.Qd3 Qa1+ 34.Qf1 Qc3 35.b5 Nc5 36.Qd1 Ke7 37.Qf3 Qa1+
38.Kh2 Qe5+ 39.Kg1 Qa1+ 40.Kh2 Qe5+  1/2-1/2

[Event "Tatry op"]
[Site "Tatranska Lomnica"]
[Date "1998.??.??"]
[Round "1"]
[White "Bures, Vit"]
[Black "Mitura, Vaclav"]
[Result "0-1"]
[WhiteElo "2150"]
[BlackElo "2250"]

1.Nf3 d5 2.c4 c6 3.g3 Nf6 4.Bg2 Bf5 5.b3 e6 6.Bb2 a5 7.O-O Be7 8.d3 O-O 9.Nh4 Bg4
10.h3 Bh5 11.Nd2 Na6 12.Nhf3 a4 13.bxa4 Nc5 14.a5 Qxa5 15.Nb3 Qb4 16.Qd2 Qxd2
17.Nbxd2 Na4 18.Bd4 c5 19.Bxf6 Bxf6 20.Rab1 Nc3 21.Rxb7 Nxe2+ 22.Kh1 Bg6
23.Ne1 Rxa2 24.Nb3 dxc4 25.dxc4 h5 26.Nxc5 Rc8 27.Nd7 Rxc4 28.Nxf6+ gxf6
29.h4 Kg7 30.Rb3 Nd4 31.Re3 Nf5 32.Rb3 Nh6 33.Kg1 Ng4 34.Bb7 Rc1 35.Nd3 Rxf1+
36.Kxf1 Bxd3+ 37.Rxd3 Rxf2+ 38.Kg1 f5 39.Kh1 f4 40.Bf3 fxg3  0-1

[Event "Techirghiol"]
[Site "Techirghiol"]
[Date "1998.??.??"]
[Round "?"]
[White "Bogdan, Dan"]
[Black "Chernitsin, Ivan"]
[Result "0-1"]
[WhiteElo "2400"]
[BlackElo "2360"]

1.Nf3 d5 2.c4 dxc4 3.Qa4+ Nd7 4.Qxc4 a6 5.g3 b5 6.Qc2 Bb7 7.Bg2 Ngf6 8.O-O e6
9.b3 Be7 10.Bb2 O-O 11.d3 c5 12.Nbd2 Qc7 13.Rac1 Rac8 14.Qb1 Rfd8 15.Rc2 Qb8
16.Rfc1 Qa8 17.Qa1 Nb6 18.Ba3 Nfd7 19.d4 b4 20.Bb2 cxd4 21.Bxd4 Bf6 22.Bxf6 Nxf6
23.Nc4 Nxc4 24.Rxc4 Rxc4 25.bxc4 a5 26.Qe5 Rc8 27.Ne1 Bxg2 28.Nxg2 Qa7 29.Nf4 Ng4  0-1

[Event "Techirghiol"]
[Site "Techirghiol"]
[Date "1998.??.??"]
[Round "?"]
[White "Bogdan, Dan"]
[Black "Kutnik, Alexandru"]
[Result "1-0"]
[WhiteElo "2400"]
[BlackElo "2230"]

1.Nf3 d5 2.c4 c6 3.g3 Nf6 4.Bg2 Bg4 5.Ne5 e6 6.Nxg4 Nxg4 7.O-O Nf6 8.Qc2 Nbd7
9.b3 Bd6 10.Bb2 O-O 11.d3 Qe7 12.a3 a5 13.Nd2 e5 14.e3 Rfe8 15.cxd5 cxd5
16.Rfc1 Qf8 17.Qd1 Rec8 18.Rxc8 Rxc8 19.Nb1 Qe7 20.Nc3 Nb6 21.Nb5 Qd7 22.a4 h6
23.Bc3 d4 24.exd4 Nbd5 25.Bb2 exd4 26.Bxd4 Bb4 27.Rc1 Re8 28.Qf3 b6 29.h3 Rc8
30.Rc4 Re8 31.Rc1 Rc8 32.Qd1 Re8 33.Kh2 Qf5 34.Qf3 Qd7 35.Rc2 Rc8 36.Re2 Rd8
37.Re5 Bf8 38.Re2 Bb4 39.Be5 Rc8 40.d4 Rc1 41.Qd3 Rc8 42.Rc2 Rd8 43.Nc7 Ne7
44.Bxf6 gxf6 45.Nb5 Kg7 46.Rc4 Nd5 47.Qe4 Ne7 48.h4 Qe6 49.Qf3 f5 50.Rc2 Rd7
51.Re2 Qf6 52.Bh3 Kg6 53.Re3 Bd6 54.h5+ Kg7 55.Qe2 Nd5 56.Rf3 Ne7 57.Kg2 Rd8
58.Qd3 f4 59.Nxd6 Qxd6 60.Rxf4 Qd5+ 61.Qf3 Nc6 62.Rg4+ Kf8 63.Rf4 Kg7 64.Rf5 Qxf3+
65.Rxf3 Rxd4 66.Rc3 Ne5 67.Bf5 Kf6 68.Bh7 Rd6 69.Be4 Nd7 70.f4 Nc5 71.Bc2 Rd5
72.Kf3 Rd2 73.Be4 Rh2 74.Rc2 Rh1 75.g4 Rb1 76.Rc3  1-0

[Event "ROM-chT"]
[Site "Timisu de Sus"]
[Date "1998.??.??"]
[Round "1"]
[White "Badea, Bela"]
[Black "Popescu, Daniel Dorin"]
[Result "1/2-1/2"]
[WhiteElo "2530"]
[BlackElo "2365"]

1.Nf3 d5 2.c4 d4 3.g3 g6 4.b4 Bg7 5.d3 Nh6 6.Bg2 O-O 7.Nbd2 f5 8.Nb3 Nf7
9.Ng5 Nxg5 10.Bxg5 h6 11.Bd2 e5 12.Nc5 c6 13.b5 Qc7 14.bxc6 Nxc6  1/2-1/2

[Event "ROM-chT"]
[Site "Timisu de Sus"]
[Date "1998.??.??"]
[Round "3"]
[White "Grunberg, Mihai"]
[Black "Popescu, Cristian"]
[Result "1-0"]
[WhiteElo "2360"]
[BlackElo "2300"]

1.Nf3 d5 2.c4 d4 3.c5 Nc6 4.Qa4 Qd5 5.b4 e5 6.e3 Bd7 7.b5 Qxc5 8.Na3 Nb4
9.Bb2 dxe3 10.fxe3 Bd6 11.d4 Qd5 12.Bc4 Qe4 13.O-O-O Nh6 14.Rhe1 O-O 15.Qb3 exd4
16.Rxd4 Qe7 17.Qc3 Nf5 18.Rg4  1-0

[Event "Trinec op9798"]
[Site "Trinec"]
[Date "1998.??.??"]
[Round "?"]
[White "Zabystrzan, Pavel"]
[Black "Orsag, Milan"]
[Result "1/2-1/2"]
[WhiteElo "2300"]
[BlackElo "2350"]

1.Nf3 d5 2.c4 e6 3.d4 c5 4.e3 Nf6 5.Nc3 a6 6.dxc5 Bxc5 7.a3 O-O 8.b4 Bd6
9.Bb2 dxc4 10.Bxc4 b5 11.Bd3 Bb7 12.O-O Qe7 13.Qe2 Nbd7 14.Rac1 Rfd8 15.e4 Ne5
16.Nxe5 Bxe5 17.Bb1 h5 18.h3 Rac8 19.Rfd1 h4 20.Rxd8+ Rxd8 21.Rd1 Rc8 22.Rc1 Qd6
23.Rd1 Qc7 24.Rc1 Bf4 25.Rd1 Qc6 26.Qd3 Bb8 27.Ne2 Nxe4 28.f3 Ba7+ 29.Kf1 Nf6
30.Rc1 Qd7 31.Rxc8+ Bxc8 32.Bxf6 Qxd3 33.Bxd3 gxf6 34.Ke1 Be3 35.Kd1 f5 36.Kc2 Kg7
37.Nc3 Bd4 38.Ne2 Be5 39.Kb3 Bd7 40.Nc3 Bxc3 41.Kxc3 e5 42.f4 Kf6 43.Bf1 Bc6
44.Kd3 exf4 45.Kd4 Be4 46.Kc5 f3 47.gxf3 Bxf3 48.Kb6 Bd1 49.Kxa6 f4 50.Kxb5 f3
51.Bd3 Ke5 52.Kc4 Kf4 53.b5 Ke3 54.b6 Be2 55.Bxe2 fxe2 56.b7 e1=Q 57.b8=Q Qc1+
58.Kd5 Qxa3 59.Qe5+ Kf2 60.Qd4+ Kg2 61.Qxh4 Qb3+ 62.Ke5 Qe6+ 63.Kf4 Qc4+
64.Kg5 f6+ 65.Kh5 Qd5+ 66.Kg6 Qd3+ 67.Kf7 f5 68.Qg5+ Kxh3  1/2-1/2

[Event "POL-ch U20"]
[Site "Trzebinia"]
[Date "1998.??.??"]
[Round "6"]
[White "Lobejko, Rafal"]
[Black "Oliwa, Patryk"]
[Result "1/2-1/2"]
[WhiteElo "2300"]
[BlackElo "2275"]

1.Nf3 d5 2.c4 c6 3.b3 Bf5 4.g3 Nd7 5.Bb2 Ngf6 6.Bg2 e6 7.O-O h6 8.d3 Bd6
9.Re1 O-O 10.e4 dxe4 11.dxe4 Nxe4 12.Rxe4 Bxe4 13.Qxd6 Nc5 14.Qd4 e5 15.Qxd8 Rfxd8
16.Nbd2 Bxf3 17.Nxf3 f6 18.Kf1 a5 19.Ba3 Ne4 20.Ke1 a4 21.b4 Rd3 22.Bc1 Rad8
23.Be3 Ra3 24.Bf1 Nc3 25.c5 Kf8 26.Bc4 Nd5 27.Bxd5 cxd5 28.Ke2 d4 29.Bc1 Rc3
30.Bd2 d3+ 31.Kd1 Rc4 32.Nh4 Re4 33.Nf5 Re2 34.Be3 Rd7 35.Nd6 a3 36.Nc4 Ke7
37.Nb6 Rd8 38.b5 Rc2 39.Bd2 Ke6 40.Rc1 Rxa2 41.c6 bxc6 42.bxc6 Rc2 43.c7  1/2-1/2

[Event "Turku We TSY"]
[Site "Turku"]
[Date "1998.??.??"]
[Round "3"]
[White "Sammalvuo, Tapani"]
[Black "Maki Uuro, Miikka"]
[Result "1-0"]
[WhiteElo "2395"]
[BlackElo "2315"]

1.Nf3 d5 2.c4 c6 3.e3 Nf6 4.Nc3 g6 5.d4 Bg7 6.Be2 O-O 7.O-O a6 8.b3 b5 9.Bb2 Nbd7
10.Ne5 Bb7 11.f4 bxc4 12.bxc4 c5 13.Bf3 Rb8 14.cxd5 Nxe5 15.dxe5 Nxd5 16.Bxd5 Bxd5
17.Nxd5 Rxb2 18.Qc1 Rxg2+ 19.Kxg2 Qxd5+ 20.Kg1 c4 21.Qc3 Rc8 22.Rad1 Qc6
23.Rd4 Qe6 24.e4 g5 25.Rfd1 h6 26.Rd8+ Rxd8 27.Rxd8+ Kh7 28.Rd5 gxf4 29.Kf2 f6
30.h3 fxe5 31.Rc5 Qb6 32.Qxc4 Qb2+ 33.Qc2 Qd4+ 34.Kg2 Bf6 35.Rc3 Bh4 36.Rb3 a5
37.Qe2 a4 38.Rd3 Qc4 39.Rd2 Qb4 40.Rc2 Kg7 41.Qg4+ Bg5 42.Re2 Kf8 43.Qf5+ Bf6
44.Qg6 Qc3 45.Qxh6+ Bg7 46.Qh5 Qg3+ 47.Kf1 Qd3 48.Kg2 Qg3+ 49.Kh1 a3 50.Qg4 Qxg4
51.hxg4 Kf7 52.Rc2 e6 53.Kg2 Bf8 54.Kh3 Bb4 55.g5 Kg6 56.Kg4 Be7 57.Rc6 Bxg5
58.Rxe6+ Kf7 59.Rxe5  1-0

[Event "JUG Cup"]
[Site "Ulcinj"]
[Date "1998.??.??"]
[Round "1"]
[White "Simic, Radoslav"]
[Black "Lekic, Dusan"]
[Result "0-1"]
[WhiteElo "2435"]
[BlackElo "2390"]

1.Nf3 d5 2.c4 c6 3.Qb3 Nf6 4.g3 e6 5.Bg2 Be7 6.O-O O-O 7.d4 Nbd7 8.Nc3 b6
9.Bf4 Nh5 10.Rac1 Bb7 11.Rfd1 Rc8 12.Bd2 Nhf6 13.cxd5 cxd5 14.h3 a6 15.a4 Bd6
16.e3 Qe7 17.Be1 Rc7 18.Ne2 Rfc8 19.Rxc7 Rxc7 20.Rc1 Ne8 21.Rxc7 Bxc7 22.Bb4 Bd6
23.Bxd6 Nxd6 24.Qc2 Qd8 25.b3 Qc8 26.Qxc8+ Bxc8 27.Nc3 Kf8 28.Nd2 Bb7 29.f4 f5
30.g4 Nf6 31.g5 Nfe4 32.Bxe4 fxe4 33.b4 Nf5 34.Kf2 h5 35.gxh6 gxh6 36.a5 b5
37.Ne2 Kf7 38.Ng3 Ne7 39.Nb3 Nc6 40.f5 Bc8 41.fxe6+ Bxe6 42.Ne2 Nxb4 43.Nf4 Kf6
44.Nc5 Bc8 45.Kg3 Kg5 46.Nb3 Nd3 47.h4+ Kf5 48.Nxd3 exd3 49.Kf2 Kg4 50.Nc5 Kxh4
51.Nxd3 Kg4 52.e4 dxe4 53.Ne5+ Kf4 54.Ng6+ Kg5 55.Ne7 Bb7 56.d5 Kf6 57.Ng8+ Ke5
58.Nxh6 Kxd5 59.Nf5 b4 60.Ke3 Kc5 61.Kd2 Bc6 62.Kc1 Ba8  0-1

[Event "JUG Cup (Women)"]
[Site "Ulcinj"]
[Date "1998.??.??"]
[Round "6"]
[White "Manakova, Maria"]
[Black "Nestorovic, Irena"]
[Result "1-0"]
[WhiteElo "2315"]
[BlackElo "2075"]

1.Nf3 d5 2.c4 e6 3.b3 Nf6 4.Bb2 Be7 5.g3 c6 6.Bg2 O-O 7.O-O a5 8.d4 Nbd7
9.Nc3 b6 10.Qc2 Bb7 11.Rfd1 Qb8 12.e4 dxe4 13.Nxe4 Nxe4 14.Qxe4 Nf6 15.Qe2 Qc7
16.Rac1 a4 17.d5 exd5 18.cxd5 c5 19.Be5 Qd7 20.d6 Bd8 21.Ba1 Qg4 22.h3 Qe4
23.Qb2 Qb4 24.Rc4 Qb5 25.Nd4 Qd7 26.Bxb7 Qxb7 27.Nf5 Qf3 28.Qc2 axb3 29.axb3 Re8
30.Rf4 Re2 31.Qc4 Qh5 32.Nxg7 Kxg7 33.Rg4+ Kf8 34.Qxe2 Nxg4 35.hxg4 Qg6 36.Qe5 f6
37.Qe2 Qf7 38.Qf3 Ra3 39.Re1 Rxb3 40.Qa8 Qd7 41.Bxf6 Qxd6 42.Bxd8  1-0

[Event "Vantaa We EtVaS"]
[Site "Vantaa"]
[Date "1998.??.??"]
[Round "2"]
[White "Keskisarja, Teemu"]
[Black "Kilpela, Panu"]
[Result "1-0"]
[WhiteElo "2290"]
[BlackElo "2210"]

1.Nf3 d5 2.c4 dxc4 3.g3 a6 4.Bg2 Nf6 5.O-O e6 6.a4 Nbd7 7.Na3 c5 8.Nxc4 Be7
9.d4 O-O 10.dxc5 Nxc5 11.Qxd8 Rxd8 12.Nb6 Nb3 13.Nxa8 Nxa1 14.Nb6 Nd5 15.Nxd5 Rxd5
16.Bf4 Nc2 17.Ne1 Rc5 18.Nd3 Rc4 19.b3 Rc3 20.Be5 Rxd3 21.exd3 Ba3 22.Rd1  1-0

[Event "Vienna op 13th"]
[Site "Vienna"]
[Date "1998.??.??"]
[Round "?"]
[White "Dumpor, Atif"]
[Black "Gajic, Rade"]
[Result "1-0"]
[WhiteElo "2305"]
[BlackElo "2105"]

1.Nf3 d5 2.c4 c6 3.b3 Bf5 4.Bb2 Bxb1 5.Rxb1 e6 6.g3 f5 7.Bg2 Nf6 8.O-O Be7
9.Qc2 O-O 10.d3 Na6 11.a3 Nc7 12.b4 a6 13.Rfc1 Qe8 14.Qb3 Qh5 15.a4 f4 16.Be5 fxg3
17.Bxc7 gxf2+ 18.Kxf2 Ng4+ 19.Kg1 e5 20.Rf1 Rxf3 21.Rxf3 Qxh2+ 22.Kf1 Bg5
23.d4 Be3 24.Rxe3 Nxe3+ 25.Qxe3 Rf8+ 26.Bf3 Qh3+ 27.Ke1 e4 28.cxd5 cxd5 29.Kf2 exf3
30.exf3 Qd7 31.Be5 Qxa4 32.Rg1 g6 33.Qh6 Qc2+ 34.Kg3 Rf7 35.Rc1 Rxf3+ 36.Kxf3  1-0

[Event "Donau op"]
[Site "Vienna"]
[Date "1998.??.??"]
[Round "8"]
[White "Hangweyrer, Manfred"]
[Black "Posch, Werner"]
[Result "1/2-1/2"]
[WhiteElo "2385"]
[BlackElo "2270"]

1.Nf3 d5 2.c4 c6 3.d4 Bf5 4.cxd5 Bxb1 5.Rxb1 Qxd5 6.e3 e6 7.a3 Nf6 8.Bd3 Nbd7
9.O-O g5 10.b4 g4 11.Nd2 Bd6 12.e4 Qxd4 13.Nc4 Bxh2+ 14.Kxh2 g3+ 15.fxg3 Ng4+
16.Qxg4 Qxd3 17.Bb2  1/2-1/2

[Event "Vlissingen HZ op"]
[Site "Vlissingen"]
[Date "1998.??.??"]
[Round "3"]
[White "Ernst, Sipke"]
[Black "De Wolf, Johan"]
[Result "1-0"]
[WhiteElo "2300"]
[BlackElo "2185"]

1.Nf3 d5 2.c4 e6 3.g3 Nf6 4.Bg2 Be7 5.O-O O-O 6.d4 c6 7.b3 Nbd7 8.Qc2 b6
9.Rd1 Bb7 10.Nc3 Rc8 11.e4 dxe4 12.Nxe4 Nxe4 13.Qxe4 Ba8 14.Qc2 Qc7 15.Bf4 Bd6
16.Bxd6 Qxd6 17.c5 Qc7 18.b4 Nf6 19.Rab1 Rfd8 20.Ne5 Nd5 21.Nc4 Bb7 22.Nd6 Ra8
23.a3 Bc8 24.Rbc1 Bd7 25.Qd2 Rdb8 26.Re1 a5 27.Bxd5 cxd5 28.Qf4 Be8 29.b5 bxc5
30.Rxc5 Qd7 31.Rec1 Rb6 32.Rc6 Rxc6 33.bxc6 Qc7 34.Nxe8 Qxf4 35.gxf4 Rxe8
36.c7 Rc8 37.Rb1  1-0

[Event "Wattens op 13th"]
[Site "Wattens"]
[Date "1998.??.??"]
[Round "9"]
[White "Messner, Andreas"]
[Black "Hofer, Franz"]
[Result "1/2-1/2"]
[WhiteElo "1685"]
[BlackElo "1955"]

1.Nf3 d5 2.c4 e6 3.e3 f5 4.Nc3 Nf6 5.d4 c6 6.a3 Bd6 7.c5 Bc7 8.g3 O-O 9.h4 Ne4
10.Rg1 Nd7 11.Ne2 e5 12.b4 b6 13.Bb2 bxc5 14.dxc5 a5 15.Qc2 Ba6 16.Nc3 Bxf1
17.Kxf1 Qb8 18.Na2 Qb5+ 19.Kg2 axb4 20.axb4 Rfb8 21.Rgb1 h6 22.h5 Ra4 23.Nc3 Nxc3
24.Bxc3 Rba8  1/2-1/2

[Event "POL-chT2"]
[Site "Wisla"]
[Date "1998.??.??"]
[Round "?"]
[White "Lorenc, Marian"]
[Black "Dawidow, Jacek"]
[Result "1-0"]
[WhiteElo "2190"]
[BlackElo "2375"]

1.Nf3 d5 2.c4 c6 3.d4 Nf6 4.Nc3 dxc4 5.Ne5 Be6 6.e4 b5 7.f3 Bd7 8.b3 cxb3
9.a4 b4 10.Qxb3 e6 11.a5 bxc3 12.Qb7 Nxe4 13.Qxa8 Bd6 14.fxe4 Qh4+ 15.Ke2 Qxe4+
16.Be3 f5 17.Nc4 Bf4 18.g3 Qc2+ 19.Kf3 Qe4+ 20.Kf2 Bxe3+ 21.Nxe3 f4 22.Qxb8+ Ke7
23.Qe5 fxe3+ 24.Kg1 Qf3 25.Qf4 Qxf4 26.gxf4 Rf8 27.Rc1 c5 28.Be2 Bc6 29.h3 Bxh1
30.Kxh1 Rxf4 31.Rxc3 Kd7 32.Kg2 Re4  1-0